Diccionario del mundo antiguo Próximo Oriente, Egipto, Grecia y Roma.

Guardat en:
Dades bibliogràfiques
Autor principal: Fernández Uriel, Pilar (autora)
Altres autors: Vázquez Hays, Ana María (autora)
Format: Llibre
Idioma:espanyol
Publicat: Madrid, España: Alianza, 1994.
Col·lecció:El Libro de Bolsillo, 1690.
Matèries:
Etiquetes: Afegir etiqueta
Sense etiquetes, Sigues el primer a etiquetar aquest registre!

MARC

LEADER 00000nam a2200000 a 4500
001 UCY5046
003 CL-VaPUC
005 20220822114325.0
008 950411e19940000SP |||||||||||||||||spa|d
999 |c 232775  |d 232773 
020 |a 84-206-0690-1 
040 |c Pontificia Universidad Católica de Valparaíso 
082 0 4 |a 930.3 FER 1994  |2 21 
100 0 |a Fernández Uriel, Pilar  |e autora  |9 333623 
245 1 0 |a Diccionario del mundo antiguo  |b Próximo Oriente, Egipto, Grecia y Roma. 
260 |a Madrid, España:  |b Alianza,  |c 1994. 
300 |a 663 páginas. 
490 0 |a El Libro de Bolsillo,  |v 1690. 
500 |a c.2 Donación Familia Prof. Alejandro Guzmán Brito.  
583 |a last modification  |c 19950411 00:00:00  |k Rodrigo Vera 
650 0 |a Historia antigua  |2 CL-VaPUC  |9 267521  |x Diccionarios 
700 0 |a Vázquez Hays, Ana María  |e autora  |9 333624 
942 |c BK  |2 ddc  |n 0 
945 |d 19950411 00:00:00  |a oaravena 
952 |0 0  |1 0  |2 ddc  |4 0  |6 930_300000000000000_FER_1994  |7 0  |8 X  |9 237650  |a BIBHIS  |b BIBHIS  |d 2019-11-15  |i 307529K  |l 4  |o 930.3 FER 1994  |p 307529K  |r 2024-01-30  |s 2023-05-02  |t 1  |w 2019-11-15  |y BK_X  |k HIS 
952 |0 0  |1 0  |2 ddc  |4 0  |6 930_300000000000000_FER_1994  |7 1  |8 C_AGB  |9 580529  |a BIBDER  |b BIBDER  |d 2022-01-13  |e Donación   |i 563847K   |o 930.3 FER 1994  |p 563847K  |r 2023-01-25  |t 2   |w 2022-01-13  |y BK_US  |k AGB